|
|
|
|
| LEADER |
01769nam a22004214a 4500 |
| 001 |
EBC182840 |
| 003 |
MiAaPQ |
| 005 |
20200520144314.0 |
| 006 |
m o d | |
| 007 |
cr cn||||||||| |
| 008 |
030501s2004 nyua sb 001 0 eng |
| 010 |
|
|
|z 2003010246
|
| 020 |
|
|
|z 0415945240 (alk. paper)
|
| 020 |
|
|
|z 0415945259 (pbk. : alk. paper)
|
| 035 |
|
|
|a (MiAaPQ)EBC182840
|
| 035 |
|
|
|a (Au-PeEL)EBL182840
|
| 035 |
|
|
|a (CaPaEBR)ebr10093940
|
| 035 |
|
|
|a (CaONFJC)MIL5442
|
| 035 |
|
|
|a (OCoLC)252895810
|
| 040 |
|
|
|a MiAaPQ
|c MiAaPQ
|d MiAaPQ
|
| 043 |
|
|
|a n-us---
|
| 050 |
|
4 |
|a HD3885
|b .D44 2004
|
| 082 |
0 |
4 |
|a 330.12/6
|2 21
|
| 100 |
1 |
|
|a DeFilippis, James.
|
| 245 |
1 |
0 |
|a Unmaking Goliath
|h [electronic resource] :
|b community control in the face of global capital /
|c by James DeFilippis.
|
| 260 |
|
|
|a New York :
|b Routledge,
|c 2004.
|
| 300 |
|
|
|a ix, 188 p. :
|b ill.
|
| 504 |
|
|
|a Includes bibliographical references (p. 167-175) and index.
|
| 505 |
0 |
|
|a Understanding capital mobility, the "new urban politics," and local autonomy -- Collective ownership, community control, and community development -- Collective ownership of work -- Collective ownership of housing -- Collective ownership of money.
|
| 533 |
|
|
|a Electronic reproduction. Ann Arbor, MI : ProQuest, 2015. Available via World Wide Web. Access may be limited to ProQuest affiliated libraries.
|
| 650 |
|
0 |
|a Government ownership
|z United States.
|
| 650 |
|
0 |
|a Municipal ownership
|z United States.
|
| 650 |
|
0 |
|a Collectivism
|z United States.
|
| 650 |
|
0 |
|a Local government
|z United States.
|
| 650 |
|
0 |
|a Globalization.
|
| 655 |
|
4 |
|a Electronic books.
|
| 710 |
2 |
|
|a ProQuest (Firm)
|
| 856 |
4 |
0 |
|u https://ebookcentral.proquest.com/lib/matrademy/detail.action?docID=182840
|z Click to View
|